000 00737cam a22002054a 4500
005 20250605164242.0
008 250528s ||||||||||||||||||||||||d
035 _a21353
020 _a9780077140656
040 _aGR-AtMCL
_bgre
_dGR-AtMCL
_eAACR2
245 1 _aInternational Business / Competing in the Global Marketplace
250 _a9th
260 _bMcgraw Hill Irwin,
_c2012
300 _a720
520 _aIntroduction and Overview, Country Differences, The Global Trade and Investment Environment, The Global Monetary System, The Strategy and Structure of International Business, Business Operations, Glossary, Photo Credits, Index.
700 1 _aHill W. Charles
_91022
942 _cBK
999 _c6418
_d6418